La literatura española en el siglo XIX
Gorde:
| Egile nagusia: | |
|---|---|
| Formatua: | Liburua |
| Hizkuntza: | gaztelania |
| Argitaratua: |
Madrid
Sáenz de Jubera
1899
|
| Edizioa: | 2a. ed |
| Gaiak: | |
| Etiketak: |
Etiketa erantsi
Etiketarik gabe, Izan zaitez lehena erregistro honi etiketa jartzen!
|
MARC
| LEADER | 00000nam a2200000 a 4500 | ||
|---|---|---|---|
| 001 | UCI6696 | ||
| 003 | CL-VaPUC | ||
| 008 | 080523e18990000SP |||||||||||||||||spa|d | ||
| 082 | 0 | 4 | |a 868.9 |b BLA |2 21 |
| 100 | 0 | |a Blanco García, Francisco |e author |9 529659 | |
| 245 | 1 | 3 | |a La literatura española en el siglo XIX |
| 250 | |a 2a. ed | ||
| 300 | |a 3 v | ||
| 942 | |c BK | ||
| 945 | |d 20080523 00:00:00 |a rbrito | ||
| 260 | |a Madrid |b Sáenz de Jubera |c 1899 | ||
| 500 | |a Donación Padres Capuchinos | ||
| 650 | 7 | |a LITERATURA ESPAÑOLA SIGLO 19 |2 CL-VaPUC |9 338664 | |
| 650 | 0 | |a Historia y crítica |9 257407 | |
| 650 | 0 | |a Crítica literaria |9 269189 | |
| 650 | 7 | |a POESIA ESPAÑOLA SIGLO 19 |2 CL-VaPUC |9 529660 | |
| 650 | 7 | |a CLASICISMO EN LA LITERATURA |2 CL-VaPUC |9 322098 | |
| 650 | 0 | |a Romanticismo en la literatura |9 313777 | |
| 650 | 7 | |a NOVELA ESPAÑOLA SIGLO 19 |2 CL-VaPUC |9 529661 | |
| 583 | |a last modification |c 20080523 00:00:00 |k Rodrigo Vera | ||
| 999 | |c 330146 |d 330144 | ||
| 952 | |0 0 |1 0 |4 0 |6 868_900000000000000_BLA_1899 |7 0 |8 X |9 415530 |a FDOBUD |b FDOBUD |d 2019-11-22 |h v.1 |i 4443217 |o 868.9 BLA 1899 |p 4443217 |r 2019-11-22 |w 2019-11-22 |y BK_X |k BUD | ||
| 952 | |0 0 |1 0 |4 0 |6 868_900000000000000_BLA_1899 |7 0 |8 X |9 415531 |a FDOBUD |b FDOBUD |d 2019-11-22 |h v.2 |i 4443225 |o 868.9 BLA 1899 |p 4443225 |r 2019-11-22 |w 2019-11-22 |y BK_X |k BUD | ||
| 952 | |0 0 |1 0 |4 0 |6 868_900000000000000_BLA_1899 |7 0 |8 X |9 415532 |a FDOBUD |b FDOBUD |d 2019-11-22 |h v.3 |i 4443233 |o 868.9 BLA 1899 |p 4443233 |r 2019-11-22 |w 2019-11-22 |y BK_X |k BUD | ||